1476 1102 1706 1285 1417 1960 1050 1364 1620 1875 1000 1433 1041 1229 1602 1329 1572 1084 1046 1450 1820 1224 1097 1042 1394 1870 1190 1085 1605 1042 1438 1284 1805 1287 1739 1315 1148 1428 1128 1962 1387 1918 1133 1809 1318 1947 1223 1766 1600 1879 1791 1898 1734 1184 1796 1384 1978 1761 1304 1851 1420 1379 1027 1671 1198 1966 1743 1929 1188 1337 1259 1168 1023 1349 1498 1951 1997 1562 1474 1651 1782 1661 1479 1000 1702 1652 1059 1198 1750 1411 1746 1166 1691 1766 1961 1837 1032 1266 1085 BCNSPRNW ULIB Ver.6.0+V

เปลี่ยนเป็นภาษาไทย

Change to English
 แสดงรายละเอียดบรรณานุกรม
  กลับหน้าหลัก

Brief Record : Get Marc (ISO 2709) : E-mail record : QR code < ปิดหน้าต่าง
LEADER : 00000nam 2200000uu 4500
001    13399121370
003     ULIB
008    121116s2554||||th 000 0 tha d
099    วจ.LB2525^bร623ค
100 0  รุ่งนภา สูตินันท์โอภาส
245 00 ความรู้ และการมีส่วนร่วมในการประกันคุณภาพการศึกษากับสภาพแวดล้อมที่เอื้อต่อการประกันคุณภาพการศึกษาของนักศึกษาวิทยาลัยพยาบาลบรมราชชนนี นครลำปาง^cรุ่งนภา สูตินันท์โอภาส
260    ลำปาง:^bวิทยาลัยพยาบาลบรมราชชนนี นครลำปาง,^c2554
300    103 แผ่น
650  0 การประกันคุณภาพการศึกษา^xวิจัย
650  0 วิทยาลัยพยาบาลบรมราชชนนี นครลำปาง^xวิจัย
945    ^p0^l0^i033099
995    เกษร
999    ^aใช้งานได้ทุกระบบ
รายการนี้ยังไม่มีแท็ก
คุณยังไม่ได้ล็อกอิน คุณสามารถมีกิจกรรมร่วมกับเว็บไซต์ได้ แต่ต้องล็อกอินก่อน ::
  ล็อกอิน

รายการสื่อสารสนเทศ

ลำดับที่ ประเภท เลขเรียก/บาร์โค้ด สถานที่ สถานะ
1. งานวิจัย
งานวิจัย
วจ.LB2525 ร623ค ฉ.1 
  Barcode: 033099
ห้องสมุดวิทยาเขตสวรรค์ประชารักษ์
►วิจัย
บนชั้น

รายการใกล้เคียง
    ผู้แต่ง [รุ่งนภา สูตินันท์โอภาส]

BibComment


ยังไม่เคยถูกคอมเมนท์

คอมเมนท์ทรัพยากรรายการนี้
  คอมเมนท์: ความรู้ และการมีส..


 Copyright 2026. Bcnsprnw @Library